000 00638nam a22002297a 4500
005 20170124110030.0
010 _a171944
020 _c00.00
035 _a171944
037 _bCen Lib/Ret
040 _aDPL
_bEN
082 _a550
_bDAL
100 _aDalby, D.H.
_921591
245 _aInstructions to young geologists /
_cby D.H. Dalby
260 _aLondon
_bMuseum Press Limited
_c1957
270 _a26 Old Brompton Raad
_bLondon
_eSW7
300 _a144p. :
_c20cm(Hb)
_bill.
500 _aIncludes index.
650 _aEarth science
_920709
650 _aEarth science
_920709
942 _2ddc
_cEN
_h550
_mDAL
999 _c127804
_d127804